000 005990000a22001690004500
003 LK-CoMWRAF
008 230817t ||||| |||| 00| 0 eng d
040 _aLK-CoMWRAF
_dLK-CoMWRAF
_eLK-CoMWRAF
041 _aeng
082 _a152.6
_bIMP
245 _aThe Impact of Islam on the Development of Science and Technology
_b
260 _bArafat Publishing House
_aSri Lanka (Colombo 07)
_c
300 _ap.13
650 _aThe International seminar held in connection with the International Exhibition of Islamic Civilization in Kuala Lumpur 1984
700 _aGhouse,, M.B. Mohamed
_eed.
942 _cBK
999 _c2034
_d2034